Music Festivals - Statistics

General Stats
  • This quiz has been taken 65 times
  • The average score is 9 of 26
Answer Stats
Hint Answer % Correct
Coachella United States
95%
Glastonbury United Kingdom
89%
Lollapalooza United States
65%
Tomorrowland Belgium
62%
Fuji Rock Festival Japan
60%
Donaueschinger Musiktage Germany
56%
Pol'and'Rock Poland
52%
Montreux Jazz Festival Switzerland
49%
Sziget Hungary
35%
Festival dei Due Mondi Italy
35%
Hellfest France
33%
Jeonju International Sori Festival South Korea
33%
Donauinselfest Austria
32%
Roskilde Festival Denmark
32%
Primavera Sound Spain
32%
Festival Oude Muziek Netherlands
25%
Glyndebourne Festival Opera United Kingdom
22%
Batalha do Museu Brazil
21%
Parkenfestivalen Norway
21%
Splendour in the Grass Australia
14%
Enchanted Valley Carnival India
6%
Pan Cheilteach Ireland
6%
EUROPAfest Romania
5%
Gods of Metal Italy
3%
Mawazine Morocco
3%
Druga godba Slovenia
2%
No matching quizzes found
Score Distribution
Percent of People with Each Score
Percentile by Number Answered
Your Score History
You have not taken this quiz